000
00249nam a2200097Ia 4500
001
1209172
005
20250827022900.0
008
250824s9999 xx 000 0 und d
245
0
_a
İNSANLAR VE YANILGILAR
_c
TAYFUN UZBAY
260
_b
DESTEK YAYINLARI
999
_c
1209172
_d
1209172